000 00646nam a2200301Ia 4500
005 20260401122448.0
008 008 250103s9999 xx 000 0 eng d
020 _a9788125039457
037 _aTB
040 _aEDL
040 _beng
040 _cEDL
041 _2eng
041 _aeng
084 _a894.82RAO
084 _qEDL
100 _aRao, G. Kalyana
_91108655
245 0 _aUntouchable spring
245 0 _cRao, G. Kalyana
260 _aDelhi
260 _bOrient Blackswan
260 _c2000
300 _a283p
942 _cTB
942 _h894.82RAO
999 _c1847434
_d1847434